Yeh Premchand Hain (Record no. 1430726)
[ view plain ]
| 000 -LEADER | |
|---|---|
| fixed length control field | 00505nam a2200193Ia 4500 |
| 005 - DATE AND TIME OF LATEST TRANSACTION | |
| control field | 20250819135330.0 |
| 008 - FIXED-LENGTH DATA ELEMENTS--GENERAL INFORMATION | |
| fixed length control field | 008 250516s9999 xx 000 0 hin d |
| 020 ## - INTERNATIONAL STANDARD BOOK NUMBER | |
| International Standard Book Number | 9789389830897 |
| 040 ## - CATALOGING SOURCE | |
| Language of cataloging | eng |
| Transcribing agency | SDCL |
| 041 ## - LANGUAGE CODE | |
| Language code of text/sound track or separate title | hin |
| Source of code | hin |
| 084 ## - COLON CLASSIFICATION NUMBER | |
| Classification number | O152,3M80:g, R1 |
| 100 ## - MAIN ENTRY--PERSONAL NAME | |
| Personal name | Apoorvanand |
| 245 #0 - TITLE STATEMENT | |
| Title | Yeh Premchand Hain |
| 246 ## - VARYING FORM OF TITLE | |
| Title proper/short title | यह प्रेमचंद हैं |
| 260 ## - PUBLICATION, DISTRIBUTION, ETC. | |
| Place of publication, distribution, etc. | Noida: |
| Name of publisher, distributor, etc. | Setu Prakashan, |
| Date of publication, distribution, etc. | 2021. |
| 300 ## - PHYSICAL DESCRIPTION | |
| Extent | 406p. |
| 650 ## - SUBJECT ADDED ENTRY--TOPICAL TERM | |
| Topical term or geographic name entry element | Hindi |
| 942 ## - ADDED ENTRY ELEMENTS (KOHA) | |
| Koha item type | Textual |
| Source of classification or shelving scheme | Colon Classification (CC) |
| 100 ## - MAIN ENTRY--PERSONAL NAME | |
| -- | 406918 |
| 999 ## - | |
| -- | 1430726 |
| -- | 1430726 |
| Withdrawn status | Lost status | Source of classification or shelving scheme | Damaged status | Not for loan | Home library | Current library | Date acquired | Source of acquisition | Inventory number | Total checkouts | Full call number | Barcode | Date last seen | Date last checked out | Price effective from | Koha item type |
|---|---|---|---|---|---|---|---|---|---|---|---|---|---|---|---|---|
| Colon Classification (CC) | South Campus Library | South Campus Library | 2025-05-22 | Ananya Prakashan | AP-42, 25/12/2024 | 1 | O152,3M80:g R1 | SC1808497 | 2026-03-27 | 2026-03-24 | 2025-05-22 | Textual |
